000 00412cam a2200145ua 4500
003 OSt
005 20260213112657.0
008 260213b |||||||| |||| 00| 0 eng d
041 _aeng
082 _a028.7462
_bCBI/AU
245 _aAustrian Hydel power construction methodology 25-27 May 1998, Hotel Mourya sheration, Delhi /
260 _a :
_bCentral Board of I and P ,
_c1998.
300 _a234 ; .
942 _cBK
999 _c820
_d820